00370nam a2200157Ia 4500008004000000041000800040082001000048100002700058245004500085260002100130650000800151650001200159650001600171650001100187650001400198210210b1941 xxu||||| |||| 00| 0 eng d aeng a884/8 aIYER (Krishnasvamy) Ed aSrimad valmiki RamAyana: VII uttarakAnDa aPalghatb-c1941 aVII avalmiki auttarakAnDa aSrimad aRamAyana: